LEADER 01149nam a2200241 i 4500 001 000000182778 003 CaOOAMICUS 005 20091030000000.0 008 091030s1975 it u000 u ita u 013 $a160739 040 $aSeMil$bita 245 13$aLe scelte e le tesi dei «Cristiani per il socialismo» :$balla luce dell'insegnamento della Chiesa /$cA cura di Bartolomeo Sorge. 260 $aTorino-Leumann :$bElle Di Ci,$cstampa 1975. 300 $a215 p. ;$c21 cm. 490 0 $aProblemidoggi ;$v1 650 4$aCristianesimo e marxismo.$0(OLS)http://semarc/subject/12379 650 4$aCristiani per il socialismo.$0(OLS)http://semarc/subject/34563 700 1 $aSorge, Bartolomeo,$c .$0(OLS)http://semarc/name/90460 830 0$aProblemidoggi ;$v1.$0(OLS)http://semarc/title/27292 850 $aSeMil 852 $aSeMil$W1$xVenegono$y1$m3E I 189$j133482$B133482$CSeMilBibl$Z2$F145249 $81 996 $6245$aLe scelte e le tesi dei «Cristiani per il socialismo» :$balla luce dell'insegnamento della Chiesa$9(OLS)http://semarc/title/262270 996 $6260$aTorino-Leumann :$bElle Di Ci$9(OLS)http://semarc/publisher/30113 LEADER 01479nam a2200313 i 4500 001 000000108967 003 CaOOAMICUS 005 20021018000000.0 008 021018s2002 it u000 u ita u 013 $a81647 020 $a88-8353-125-6 040 $aSeMil$bita 100 1 $aNesti, Arnaldo <1932- >.$0(OLS)http://semarc/name/11759 245 12$aA cosa credono quelli che dicono di credere? :$btipi e modi di credere a Poggibonsi /$cArnaldo Nesti ; con un saggio metodologico di Cristina Maggino e postfazione di Fabio Dei. 260 $aRoma :$bMeltemi,$ccopyr. 2002. 300 $a119 p. :$bill. ;$c19 cm. 490 0 $aRicerche ;$v10 500 $aIn Allegato : Il questionario. - Contiene : Bibliografia. - Fondo Card. C.M. Martini. 650 4$aReligiosità - Poggibonsi - Inchieste sociologiche.$0(OLS)http://semarc/subject/19253 700 1 $aDei, Fabio.$0(OLS)http://semarc/name/33516 700 1 $aMaggino, Cristina.$0(OLS)http://semarc/name/45762 830 0$aRicerche ;$v10.$0(OLS)http://semarc/title/7133 850 $aSeMil 852 $aSeMil$W1$xVenegono$y1$m3N I 11$j65004$B65004$CSeMilBibl$Z2$F86946 $81 941 1 $a4 961 $aOmaggio: Martini Card. Carlo Maria 996 $6020$a88-8353-125-6$9(OLS)http://semarc/number/90131 996 $6245$aA cosa credono quelli che dicono di credere? :$btipi e modi di credere a Poggibonsi$9(OLS)http://semarc/title/158112 996 $6260$aRoma :$bMeltemi$9(OLS)http://semarc/publisher/31774